| 000 | 00636nam a22002057a 4500 | ||
|---|---|---|---|
| 003 | OSt | ||
| 005 | 20250729150410.0 | ||
| 008 | 211207s1981 ck ||||er|||| 00| jdspa d | ||
| 040 |
_aCO-JMCR _cCO-JMCR |
||
| 041 | 0 | _aspa | |
| 082 | 0 | 4 |
_aA-C _bBERa _223 |
| 100 | 1 |
_aBerdella de la Espriella, Leopoldo, _eautor _9843 |
|
| 245 | 1 | 0 |
_aA golpes de esperanza : _bcuentos / _cLeopoldo Berdella de la Espriella |
| 260 |
_aBogotá : _bPlaza y Janés, _c1981 |
||
| 300 |
_a117 páginas ; _c19 cm. |
||
| 490 | 0 | _aRotativa | |
| 500 | _aIncluye datos biográficos del autor. | ||
| 650 | 1 | 4 |
_aCuentos colombianos _ySiglo XX _939161 |
| 942 |
_2ddc _cBK |
||
| 999 |
_c15642 _d15642 |
||